[Event "ch-RUS Blitz 2017"]
[Site "Sochi RUS"]
[Date "2017.10.02"]
[Round "14.2"]
[White "Andreikin, Dmitry"]
[Black "Zvjaginsev, Vadim"]
[Result "1/2-1/2"]
[WhiteTitle "GM"]
[BlackTitle "GM"]
[WhiteElo "2708"]
[BlackElo "2643"]
[WhiteFideId "4158814"]
[BlackFideId "4113403"]
[EventDate "2017.10.02"]
[EventType "blitz"]

1. d4 d6 2. e4 Nf6 3. Nc3 g6 4. f4 Bg7 5. Bd3 O-O 6. Nf3 Na6 7. O-O c5 8. d5 Bg4
9. Bxa6 bxa6 10. h3 Bxf3 11. Qxf3 Rb8 12. Rb1 Nd7 13. Bd2 a5 14. Kh1 Nb6 15. b3
a4 16. Ne2 axb3 17. axb3 c4 18. Be3 cxb3 19. cxb3 Rc8 20. Nd4 Bxd4 21. Bxd4 f6
22. Ra1 Qd7 23. f5 Kg7 24. Qg4 Rc7 25. h4 Qe8 26. h5 Nd7 27. Rf3 Ne5 28. Bxe5
dxe5 29. fxg6 hxg6 30. Rg3 g5 31. Rh3 Qc8 32. h6+ Kh7 33. Qe2 Rc1+ 34. Rxc1
Qxc1+ 35. Kh2 Rc8 36. Re3 Rc3 37. Rxc3 Qxc3 38. Qh5 Qe3 39. Qf7+ Kxh6 40. Qxe7
Qf4+ 41. g3 Qf2+ 42. Kh3 Qf1+ 43. Kh2 Qf2+ 44. Kh3 Qf1+ 45. Kh2 Qf2+ 46. Kh3
Qf1+ 47. Kh2 1/2-1/2

[Event "ch-RUS Blitz 2017"]
[Site "Sochi RUS"]
[Date "2017.10.02"]
[Round "14.3"]
[White "Tsydypov, Zhamsaran"]
[Black "Khismatullin, Denis"]
[Result "1-0"]
[WhiteTitle "IM"]
[BlackTitle "GM"]
[WhiteElo "2529"]
[BlackElo "2628"]
[WhiteFideId "4108566"]
[BlackFideId "4142578"]
[EventDate "2017.10.02"]
[EventType "blitz"]

1. e4 e5 2. Nf3 Nf6 3. Nc3 Nc6 4. Bb5 Bb4 5. O-O O-O 6. d3 d6 7. Ne2 Ne7 8. c3
Ba5 9. Ng3 Ng6 10. Re1 Bb6 11. h3 c6 12. Ba4 Re8 13. Bb3 Be6 14. Nh2 d5 15. Qf3
h6 16. Be3 Bxe3 17. Qxe3 Qc7 18. Nf3 Rad8 19. Qxa7 c5 20. exd5 Bxd5 21. Bxd5
Nxd5 22. d4 exd4 23. cxd4 c4 24. Rxe8+ Rxe8 25. Qa4 Rc8 26. Rc1 Ngf4 27. Ne5 c3
28. Qb3 c2 29. Nf3 Qc4 30. Qxb7 Rc7 31. Qb8+ Kh7 32. Ne1 Nb4 33. b3 Qc3 34. Ne4
Qc6 35. Qxb4 Ne2+ 36. Kf1 Nxc1 37. Nc5 Qg6 38. Qd2 Nxb3 39. axb3 Ra7 40. Qxc2 f5
41. Ncd3 Rd7 42. Ne5 Qa6+ 43. Kg1 Rxd4 44. Qxf5+ Kg8 45. Qf7+ Kh7 46. Qf5+ Kg8
47. Qf7+ Kh7 48. N1f3 Rd1+ 49. Kh2 Qd6 50. h4 Rd5 51. Qf5+ Kg8 52. g3 Rb5 53.
Kg2 Rb8 54. Qe4 Qe6 55. b4 Kh8 56. Ng6+ 1-0

[Event "ch-RUS Blitz 2017"]
[Site "Sochi RUS"]
[Date "2017.10.02"]
[Round "14.4"]
[White "Jakovenko, Dmitry"]
[Black "Savchenko, Boris"]
[Result "1/2-1/2"]
[WhiteTitle "GM"]
[BlackTitle "GM"]
[WhiteElo "2710"]
[BlackElo "2581"]
[WhiteFideId "4122356"]
[BlackFideId "4147332"]
[EventDate "2017.10.02"]
[EventType "blitz"]

1. e4 c5 2. Nf3 g6 3. c4 d6 4. d4 cxd4 5. Nxd4 Nc6 6. Nc3 Bg7 7. Be3 Qb6 8. Ndb5
Bxc3+ 9. bxc3 Qa5 10. Qb3 Nf6 11. f3 Be6 12. Be2 Rc8 13. O-O Nd7 14. Nd4 Nc5 15.
Qb2 Na4 16. Qxb7 Qxc3 17. Nxe6 Qxe3+ 18. Kh1 Nb6 19. c5 fxe6 20. cxb6 Kf7 21.
bxa7 Qxe2 22. Rfc1 Nxa7 23. Qxa7 Ra8 24. Qd4 Rhc8 25. Rxc8 Rxc8 26. h3 Rc2 27.
Rg1 e5 28. Qd5+ Kg7 29. a4 Ra2 30. Qb7 Kf7 31. Qd5+ Kg7 32. Qb7 Kf6 33. Qa8 Kf7
34. Qh8 h5 35. Qh7+ Kf6 36. Qh8+ Kf7 37. Qh7+ Kf6 38. Qg8 Rb2 39. Qf8+ Ke6 40.
Qg7 Kd7 41. Qxg6 Ra2 42. Qf5+ Kd8 43. Qf8+ Kd7 44. Qf5+ Kd8 45. Qxh5 Rxa4 46.
Qg4 Ra2 47. h4 Qd2 48. h5 Kc7 49. Qg7 Kd7 50. Qg4+ Kc7 51. Qg7 Kd7 52. Rb1 Rb2
53. Rxb2 Qe1+ 1/2-1/2

[Event "ch-RUS Blitz 2017"]
[Site "Sochi RUS"]
[Date "2017.10.02"]
[Round "14.5"]
[White "Dubov, Daniil"]
[Black "Moskalenko, Alexander"]
[Result "1-0"]
[WhiteTitle "GM"]
[BlackTitle "IM"]
[WhiteElo "2666"]
[BlackElo "2531"]
[WhiteFideId "24126055"]
[BlackFideId "4155351"]
[EventDate "2017.10.02"]
[EventType "blitz"]

1. d4 Nf6 2. c4 e6 3. Nf3 Bb4+ 4. Nbd2 O-O 5. a3 Bxd2+ 6. Qxd2 b6 7. g3 Bb7 8.
Bg2 d6 9. O-O a5 10. b3 Nbd7 11. Bb2 Be4 12. Rfe1 Qe7 13. Rad1 Rfd8 14. Qc1 Rab8
15. Bf1 c5 16. Nd2 Bc6 17. e4 cxd4 18. Bxd4 e5 19. Bc3 Nc5 20. Qc2 Qb7 21. f3
Nfd7 22. Be2 Ne6 23. a4 Ndc5 24. Nf1 g6 25. Ne3 h5 26. h4 Qd7 27. Rd2 Qe7 28.
Kh2 Rd7 29. Bf1 Rdd8 30. Red1 Rbc8 31. Bh3 Rb8 32. Re1 Ra8 33. Nd5 Bxd5 34. exd5
Ng7 35. f4 e4 36. f5 gxf5 37. Rf2 Re8 38. Bxf5 e3 39. Bh7+ Kh8 40. Rf6 Ne4 41.
Rh6 f5 42. Bxf5+ Kg8 43. Bh7+ Kh8 44. Bxe4+ 1-0

[Event "ch-RUS Blitz 2017"]
[Site "Sochi RUS"]
[Date "2017.10.02"]
[Round "14.6"]
[White "Demidov, Mikhail"]
[Black "Tomashevsky, Evgeny"]
[Result "1-0"]
[WhiteTitle "IM"]
[BlackTitle "GM"]
[WhiteElo "2521"]
[BlackElo "2710"]
[WhiteFideId "4197143"]
[BlackFideId "4147235"]
[EventDate "2017.10.02"]
[EventType "blitz"]

1. d4 d5 2. Nf3 e6 3. c4 c6 4. Nbd2 f5 5. g3 Nf6 6. Bg2 Bd6 7. O-O Nbd7 8. b3
O-O 9. Bb2 b6 10. Ne5 Bb7 11. Rc1 Rc8 12. Ndf3 Qe7 13. Nxd7 Nxd7 14. Qd2 Rfd8
15. e3 c5 16. cxd5 Bxd5 17. Qe2 Nf6 18. dxc5 Bxc5 19. Rfd1 Ba3 20. Rxc8 Rxc8 21.
Qa6 Bxb2 22. Qxc8+ Qf8 23. Qxf8+ Kxf8 24. Nd4 Bxg2 25. Kxg2 Kf7 26. Nc6 a5 27.
Rd2 Bc3 28. Rc2 Nd5 29. Nd4 Ke7 30. Ne2 Be5 31. Nc1 Nb4 32. Re2 Bc3 33. a3 Nd5
34. Rc2 Kd7 35. Ne2 Be5 36. Nf4 Nc3 37. Nd3 Bf6 38. Kf1 Kd6 39. Nb2 b5 40. a4
Kc5 41. Nd3+ Kb6 42. axb5 Kxb5 43. f3 g5 44. h3 h5 45. Ke1 Bg7 46. Kd2 Nb1+ 47.
Ke1 Nc3 48. g4 hxg4 49. hxg4 Bf6 50. Rh2 fxg4 51. fxg4 Kc6 52. Rh6 Ne4 53. Nf2
Bc3+ 54. Ke2 Nc5 55. Nd3 Nxb3 56. Rxe6+ Kb5 57. Kd1 Kc4 58. Nf2 a4 59. Rc6+ Nc5
60. Ne4 Bb4 61. Nxc5 Bxc5 62. Re6 Kd5 63. Ra6 Bxe3 64. Rxa4 Bd4 65. Ke2 Ke4 66.
Rb4 Ke5 67. Kf3 Bc3 68. Rb5+ Kf6 69. Ke4 Bd2 70. Rb6+ Ke7 71. Kf5 Bc1 72. Rb7+
Kf8 73. Kg6 Bd2 74. Rf7+ Kg8 75. Rd7 1-0

[Event "ch-RUS Blitz 2017"]
[Site "Sochi RUS"]
[Date "2017.10.02"]
[Round "14.7"]
[White "Pridorozhni, Aleksei"]
[Black "Potkin, Vladimir"]
[Result "1-0"]
[WhiteTitle "GM"]
[BlackTitle "GM"]
[WhiteElo "2565"]
[BlackElo "2574"]
[WhiteFideId "4127870"]
[BlackFideId "4131061"]
[EventDate "2017.10.02"]
[EventType "blitz"]

1. e4 c5 2. Nc3 e6 3. Nf3 Nc6 4. Bb5 Nge7 5. O-O a6 6. Bxc6 Nxc6 7. d4 cxd4 8.
Nxd4 Qc7 9. Re1 Bd6 10. Nf3 O-O 11. h3 b5 12. Be3 Bb7 13. Qd3 Ne5 14. Nxe5 Bxe5
15. Bd4 b4 16. Ne2 Rac8 17. c3 a5 18. Rad1 Bxd4 19. Qxd4 bxc3 20. Nxc3 Bc6 21.
Rd3 f5 22. Rg3 e5 23. Qc4+ Kh8 24. exf5 Rxf5 25. Nd5 Qd6 26. Ne3 Rf4 27. Qc3 Qb4
28. Nd5 Qxc3 29. Rxc3 Ra4 30. Nb6 Rb8 31. Rxc6 1-0

[Event "ch-RUS Blitz 2017"]
[Site "Sochi RUS"]
[Date "2017.10.02"]
[Round "14.8"]
[White "Alekseev, Evgeny"]
[Black "Moiseenko, Vadim"]
[Result "1/2-1/2"]
[WhiteTitle "GM"]
[BlackTitle "IM"]
[WhiteElo "2622"]
[BlackElo "2558"]
[WhiteFideId "4138147"]
[BlackFideId "4123700"]
[EventDate "2017.10.02"]
[EventType "blitz"]

1. e4 e5 2. Nf3 Nc6 3. Bc4 Nf6 4. d3 Bc5 5. O-O O-O 6. h3 a6 7. Bb3 b5 8. c3 Bb6
9. Re1 d6 10. Nbd2 Be6 11. Nf1 Bxb3 12. Qxb3 Nd7 13. Be3 Ne7 14. Bxb6 Nxb6 15.
d4 Ng6 16. Rad1 Qf6 17. Ne3 Rfe8 18. Ng4 Qe7 19. dxe5 dxe5 20. Qc2 Nc4 21. b3
Nd6 22. Ne3 Nf4 23. c4 Rad8 24. Nd5 Nxd5 25. exd5 f6 26. Nd4 Rc8 27. c5 Nb7 28.
b4 Qf7 29. Nf5 Kh8 30. d6 cxd6 31. Nxd6 Nxd6 32. Rxd6 a5 33. a3 axb4 34. axb4
Qa7 35. Qb2 e4 36. Qd4 Qa8 37. Qd5 Qxd5 38. Rxd5 g6 39. g4 Ra8 40. Kg2 Ra2 41.
Kg3 Rb2 42. Rd4 f5 43. Red1 Rf8 44. gxf5 gxf5 45. Rd8 Rxd8 46. Rxd8+ Kg7 47. c6
Rc2 48. Rd6 h5 49. h4 Kf7 50. Rh6 Kg7 51. Rd6 Kf7 52. Rh6 Kg7 53. Rd6 Kf7 1/2-1/2

[Event "ch-RUS Blitz 2017"]
[Site "Sochi RUS"]
[Date "2017.10.02"]
[Round "14.9"]
[White "Dzhumagaliev, Yan"]
[Black "Korotylev, Alexey"]
[Result "0-1"]
[WhiteTitle "FM"]
[BlackTitle "GM"]
[WhiteElo "2400"]
[BlackElo "2573"]
[WhiteFideId "24100110"]
[BlackFideId "4119142"]
[EventDate "2017.10.02"]
[EventType "blitz"]

1. h4 d5 2. h5 e5 3. c3 h6 4. d4 e4 5. Bf4 Nf6 6. e3 Bd6 7. Bxd6 Qxd6 8. Be2 c5
9. Nh3 Nc6 10. Nf4 b6 11. Na3 O-O 12. O-O Rd8 13. Nc2 a5 14. a4 Ba6 15. Bxa6
Rxa6 16. Na3 Raa8 17. Nb5 Qd7 18. Qe2 Ne7 19. Rfd1 Nf5 20. b3 Rac8 21. dxc5 bxc5
22. Rd2 Qb7 23. Rad1 Rd7 24. c4 d4 25. exd4 cxd4 26. Nxd4 Nxd4 27. Rxd4 Rxd4 28.
Rxd4 Qxb3 29. Nd5 Nxd5 30. cxd5 Re8 31. d6 e3 32. d7 exf2+ 33. Qxf2 Rd8 34. Qh4
Qb6 35. Kh1 Kf8 36. Qe4 Qe6 37. Qd3 Qe1+ 38. Kh2 Qe5+ 39. Kh1 Qxh5+ 40. Kg1 Qe5
41. Re4 Qc5+ 42. Kh1 Qc1+ 43. Kh2 Qc7+ 44. g3 Rxd7 45. Qa3+ Kg8 46. Re8+ Kh7 47.
Qf8 Rd2+ 48. Kh3 Qd8 0-1

[Event "ch-RUS Blitz 2017"]
[Site "Sochi RUS"]
[Date "2017.10.02"]
[Round "14.10"]
[White "Potapov, Pavel"]
[Black "Grachev, Boris"]
[Result "0-1"]
[WhiteTitle "GM"]
[BlackTitle "GM"]
[WhiteElo "2479"]
[BlackElo "2654"]
[WhiteFideId "4169786"]
[BlackFideId "4129199"]
[EventDate "2017.10.02"]
[EventType "blitz"]

1. e4 c5 2. Nf3 e6 3. g3 Nc6 4. Bg2 Nf6 5. Nc3 d6 6. O-O a6 7. d4 cxd4 8. Nxd4
Bd7 9. h3 Be7 10. Be3 O-O 11. g4 Nxd4 12. Bxd4 Bc6 13. Qd3 Nd7 14. Rad1 Qc7 15.
f4 e5 16. Be3 exf4 17. Bxf4 Ne5 18. Bxe5 dxe5 19. Nd5 Bxd5 20. exd5 Rad8 21. b3
g6 22. c4 b5 23. Kh1 bxc4 24. Qxc4 Qa7 25. Rd3 Rd6 26. Be4 Bg5 27. Rc3 Bf4 28.
Qc5 Qe7 29. Qc7 Rd7 30. Qc6 Rd6 31. Qc7 Rd7 32. Qc6 Qb4 33. Qc5 Qxe4+ 0-1

[Event "ch-RUS Blitz 2017"]
[Site "Sochi RUS"]
[Date "2017.10.02"]
[Round "14.11"]
[White "Morozevich, Alexander"]
[Black "Rozum, Ivan"]
[Result "1-0"]
[WhiteTitle "GM"]
[BlackTitle "GM"]
[WhiteElo "2676"]
[BlackElo "2590"]
[WhiteFideId "4116992"]
[BlackFideId "24104272"]
[EventDate "2017.10.02"]
[EventType "blitz"]

1. d4 Nf6 2. c4 e6 3. Nc3 Bb4 4. Qc2 O-O 5. a3 Bxc3+ 6. Qxc3 b6 7. Bg5 Bb7 8. f3
h6 9. Bh4 d5 10. e3 Nbd7 11. cxd5 Nxd5 12. Bxd8 Nxc3 13. Be7 Rfe8 14. Bh4 Nd5
15. Kf2 e5 16. e4 Nf4 17. Bg3 Nh5 18. Bxe5 Nxe5 19. dxe5 Rxe5 20. Bc4 Kf8 21.
Ne2 Rd8 22. Rhd1 Rxd1 23. Rxd1 Ke7 24. Nd4 g6 25. b4 c5 26. Nb3 cxb4 27. axb4 a5
28. bxa5 bxa5 29. Ra1 f5 30. Nxa5 Ba8 31. Nb3 Bc6 32. Ra6 Be8 33. exf5 Rxf5 34.
g4 Rf4 35. Re6+ Kf8 36. Bd3 Ng7 37. Rb6 Bf7 38. Bxg6 Bxg6 39. Rxg6 h5 40. Kg3
Rb4 41. Nc5 Kf7 42. Ra6 Rc4 43. Ne4 Rb4 44. h3 Ne6 45. Ra5 hxg4 46. hxg4 Nd4 47.
g5 Rb3 48. Kg4 Rxf3 49. Rd5 Rd3 50. Ng3 Ke6 51. Rd8 Rd2 52. g6 Nb3 53. Rf8 Ke7
54. Rf7+ Ke8 55. Nf5 Rg2+ 56. Kh5 Nc5 57. Nd6+ Kd8 58. g7 Nd7 59. Kh6 Rh2+ 60.
Kg5 Rg2+ 61. Kf5 Rf2+ 62. Ke6 Re2+ 63. Kd5 Rg2 64. Nf5 Kc7 65. Nh6 Rg5+ 66. Kd4 1-0

[Event "ch-RUS Blitz 2017"]
[Site "Sochi RUS"]
[Date "2017.10.02"]
[Round "14.12"]
[White "Popov, Ivan RUS"]
[Black "Levin, Evgeny A."]
[Result "1/2-1/2"]
[WhiteTitle "GM"]
[BlackTitle "GM"]
[WhiteElo "2599"]
[BlackElo "2532"]
[WhiteFideId "4170350"]
[BlackFideId "4182596"]
[EventDate "2017.10.02"]
[EventType "blitz"]

1. e4 c5 2. Nf3 d6 3. d4 Nf6 4. dxc5 Nxe4 5. cxd6 Nc6 6. dxe7 Qxd1+ 7. Kxd1 Bxe7
8. Be3 O-O 9. Bd3 Nc5 10. Nbd2 Nxd3 11. cxd3 Rd8 12. Ke2 Nb4 13. d4 Bf5 14. a3
Bd3+ 15. Kd1 Nc6 16. Rc1 Bf6 17. Rc3 Bg6 18. Rc4 Bd3 19. Rc3 Bg6 20. Ke2 Nxd4+
21. Nxd4 Bxd4 22. Bxd4 Rxd4 23. Rhc1 Kf8 24. Rc8+ Rxc8 25. Rxc8+ Ke7 26. Rc7+
Rd7 27. Rxd7+ Kxd7 28. Ke3 b6 29. Kd4 f6 30. h4 Bf7 31. Nf1 Kd6 32. Ne3 Be6 33.
f4 Bd7 34. g3 Be6 35. Nd1 Bd7 36. Ne3 Be6 37. Nd1 1/2-1/2

[Event "ch-RUS Blitz 2017"]
[Site "Sochi RUS"]
[Date "2017.10.02"]
[Round "14.13"]
[White "Usmanov, Vasily"]
[Black "Rakhmanov, Aleksandr"]
[Result "1/2-1/2"]
[WhiteTitle "IM"]
[BlackTitle "GM"]
[WhiteElo "2459"]
[BlackElo "2669"]
[WhiteFideId "4135741"]
[BlackFideId "4173708"]
[EventDate "2017.10.02"]
[EventType "blitz"]

1. d4 Nf6 2. Bf4 c5 3. c3 b6 4. e3 Bb7 5. h3 g6 6. Nf3 Bg7 7. Nbd2 O-O 8. Be2 d6
9. O-O Nbd7 10. a4 a6 11. Bh2 Bc6 12. Qb1 Qc8 13. b4 Ra7 14. Rc1 Qa8 15. Bf1 Ne4
16. b5 Nxd2 17. Nxd2 Bb7 18. Nc4 Be4 19. Qb2 a5 20. f3 Bd5 21. e4 Bxc4 22. Bxc4
Bh6 23. Rd1 Qc8 24. Bd5 Rc7 25. Bc6 Nb8 26. d5 Nd7 27. Bxd7 Rxd7 28. c4 Bg7 29.
e5 f6 30. e6 Rdd8 31. Ra3 f5 32. Qd2 Bd4+ 33. Kh1 Bg7 34. Bf4 h5 35. Bg5 Bf6 36.
Re1 Kh7 37. Qf4 Bxg5 38. Qxg5 Rf6 39. f4 Rh8 40. Rg3 Qf8 41. Ree3 Kg7 42. Qh4
Rh6 43. Rg5 Kh7 44. Kh2 Qg7 45. Reg3 Qf8 46. Kg1 Qg7 47. Kf1 Qf8 48. Ke1 Qg7 49.
Kd1 Qf8 50. Kc2 Qg7 51. Kb3 Qf8 52. Re3 Qg7 53. Reg3 Qf8 54. Rd3 Qg7 55. Qe1 Qf8
56. Qc3 Qg7 57. Rdg3 Rf8 58. Qxg7+ Kxg7 59. Kc3 h4 60. Rf3 Kf6 61. Kd3 Rfh8 62.
Ke3 Rh5 63. Rxh5 Rxh5 64. g4 hxg3 65. Rxg3 Rh4 66. Kf3 Rh5 67. Ke3 Rh4 68. Kf3
Rh5 1/2-1/2

[Event "ch-RUS Blitz 2017"]
[Site "Sochi RUS"]
[Date "2017.10.02"]
[Round "14.14"]
[White "Iljiushenok, Ilia"]
[Black "Bocharov, Dmitry"]
[Result "0-1"]
[WhiteTitle "IM"]
[BlackTitle "GM"]
[WhiteElo "2519"]
[BlackElo "2585"]
[WhiteFideId "24105074"]
[BlackFideId "4138716"]
[EventDate "2017.10.02"]
[EventType "blitz"]

1. e4 d6 2. d4 g6 3. Nc3 Bg7 4. Be3 a6 5. Qd2 b5 6. f3 Bb7 7. g4 Nd7 8. h4 h5 9.
gxh5 Rxh5 10. O-O-O Ngf6 11. a3 c5 12. dxc5 dxc5 13. Bg5 b4 14. axb4 cxb4 15.
Nce2 Qb6 16. Ng3 Rh8 17. Bc4 Ne5 18. Bb3 a5 19. Ba4+ Bc6 20. Bxc6+ Qxc6 21. N1e2
Nc4 22. Qd3 Nxb2 23. Kxb2 Nxe4+ 24. Kb1 Nxg3 25. Nd4 Qc3 26. Rhe1 Qxd3 27. Rxe7+
Kf8 28. Rxd3 Bxd4 29. Rxd4 Nf5 30. Red7 Nxd4 31. Bf6 Rh5 32. Rxd4 Rf5 33. Rd6
Rxf3 0-1

[Event "ch-RUS Blitz 2017"]
[Site "Sochi RUS"]
[Date "2017.10.02"]
[Round "14.15"]
[White "Kezin, Roman"]
[Black "Inarkiev, Ernesto"]
[Result "0-1"]
[WhiteTitle "FM"]
[BlackTitle "GM"]
[WhiteElo "2455"]
[BlackElo "2694"]
[WhiteFideId "24124621"]
[BlackFideId "4162722"]
[EventDate "2017.10.02"]
[EventType "blitz"]

1. d4 Nf6 2. c4 e6 3. g3 c5 4. d5 exd5 5. cxd5 d6 6. Nc3 g6 7. Nf3 Bg7 8. Bg2
O-O 9. O-O Re8 10. Nd2 Nbd7 11. a4 Ne5 12. h3 Nh5 13. Kh2 f5 14. f4 Nf7 15. e4
Nf6 16. Ra3 Rb8 17. Qf3 a6 18. a5 b5 19. axb6 Rxb6 20. exf5 gxf5 21. Nc4 Rb4 22.
Na5 Ne4 23. Nc6 Qc7 24. Nd1 Bd7 25. Nxb4 cxb4 26. Ra1 a5 27. Ne3 a4 28. Rb1 Qc8
29. Rd1 Bb5 30. g4 Nh6 31. g5 Nf7 32. h4 Bc4 33. Bh3 Ba2 34. Bxf5 Qc5 35. Bxe4
Bxb1 36. Bxb1 a3 37. bxa3 bxa3 38. Nf5 a2 39. Bxa2 Qc2+ 40. Rd2 Qxc1 41. Rg2 Re1
42. Bb3 Ne5 43. fxe5 Rh1+ 44. Kg3 Bxe5+ 45. Kg4 Qc8 46. Kh5 Qe8+ 47. Kg4 h5+ 48.
gxh6 Qg6# 0-1

[Event "ch-RUS Blitz 2017"]
[Site "Sochi RUS"]
[Date "2017.10.02"]
[Round "14.16"]
[White "Lugovskoy, Maxim"]
[Black "Fedoseev, Vladimir3"]
[Result "0-1"]
[WhiteTitle "GM"]
[BlackTitle "GM"]
[WhiteElo "2474"]
[BlackElo "2731"]
[WhiteFideId "24126454"]
[BlackFideId "24130737"]
[EventDate "2017.10.02"]
[EventType "blitz"]

1. e4 c5 2. c3 Nf6 3. e5 Nd5 4. d4 cxd4 5. cxd4 g6 6. Nf3 Bg7 7. Bc4 Nb6 8. Bb3
O-O 9. O-O d6 10. Nc3 Nc6 11. Bf4 Bg4 12. Re1 Bxf3 13. gxf3 e6 14. Nb5 dxe5 15.
dxe5 Nd7 16. Nd6 Ndxe5 17. Kg2 Qe7 18. Ne4 Rad8 19. Qc2 Nxf3 20. Re3 Nfd4 21.
Qc4 Rd5 22. Ng3 Qf6 23. Bc7 Rc8 24. Ne4 Qe7 25. Bg3 Qf8 26. Nc3 Rdd8 27. Qf1 h5
28. h4 Nf5 29. Re4 Ncd4 30. Rae1 Nxb3 31. axb3 Rd2 32. R1e2 Qd8 33. Qe1 Rxe2 34.
Qxe2 Nxg3 35. fxg3 Bxc3 36. bxc3 Rxc3 0-1

[Event "ch-RUS Blitz 2017"]
[Site "Sochi RUS"]
[Date "2017.10.02"]
[Round "14.17"]
[White "Timofeev, Artyom"]
[Black "Oganian, Miran"]
[Result "1-0"]
[WhiteTitle "GM"]
[BlackTitle "IM"]
[WhiteElo "2549"]
[BlackElo "2454"]
[WhiteFideId "4140419"]
[BlackFideId "4122488"]
[EventDate "2017.10.02"]
[EventType "blitz"]

1. c4 Nf6 2. g3 e6 3. Bg2 d5 4. Nf3 d4 5. e3 c5 6. exd4 cxd4 7. b4 Bxb4 8. Qa4+
Nc6 9. Ne5 Be7 10. Nxc6 bxc6 11. Qxc6+ Nd7 12. Qxa8 O-O 13. O-O Nb6 14. Qxa7
Nxc4 15. d3 Ne5 16. Bb2 Nxd3 17. Bxd4 Nb4 18. Na3 1-0

[Event "ch-RUS Blitz 2017"]
[Site "Sochi RUS"]
[Date "2017.10.02"]
[Round "14.18"]
[White "Alekseenko, Kirill"]
[Black "Belyakov, Bogdan"]
[Result "1-0"]
[WhiteTitle "GM"]
[BlackTitle "IM"]
[WhiteElo "2563"]
[BlackElo "2486"]
[WhiteFideId "4135539"]
[BlackFideId "24104795"]
[EventDate "2017.10.02"]
[EventType "blitz"]

1. d4 Nf6 2. Nc3 d5 3. Bf4 g6 4. e3 Bg7 5. Nb5 Na6 6. h3 O-O 7. Nf3 Bd7 8. Be2
c5 9. c3 Qa5 10. a4 c4 11. Nd2 Bxb5 12. axb5 Qxb5 13. b3 Qc6 14. bxc4 dxc4 15.
O-O b5 16. Bf3 Nd5 17. Bxd5 1-0

[Event "ch-RUS Blitz 2017"]
[Site "Sochi RUS"]
[Date "2017.10.02"]
[Round "14.19"]
[White "Kobalia, Mikhail"]
[Black "Popov, Mikhail"]
[Result "1-0"]
[WhiteTitle "GM"]
[BlackTitle "FM"]
[WhiteElo "2596"]
[BlackElo "2416"]
[WhiteFideId "4119150"]
[BlackFideId "4146182"]
[EventDate "2017.10.02"]
[EventType "blitz"]

1. e4 g6 2. d4 Bg7 3. Nf3 d6 4. Bc4 Nf6 5. Qe2 O-O 6. O-O Nc6 7. c3 e5 8. dxe5
Nxe5 9. Nxe5 dxe5 10. Nd2 Qe7 11. a4 Be6 12. b3 Rfd8 13. Ba3 Qe8 14. Rfd1 a6 15.
Nf1 Qc6 16. Bxe6 Qxe6 17. c4 Bf8 18. Bxf8 Kxf8 19. f3 Qb6+ 20. Qe3 Qxe3+ 21.
Nxe3 c6 22. c5 Ke7 23. Nc4 Ke6 24. Nb6 Ke7 25. Nxa8 Rxa8 26. b4 Nd7 27. Rd6 Nf8
28. Rad1 Rc8 29. g3 a5 30. bxa5 Ra8 31. Rb1 Ra7 32. a6 Rxa6 33. Rxb7+ Ke8 34.
Rb6 Rxa4 35. Rdxc6 Rc4 36. Rc8+ Ke7 37. Rb7+ 1-0

[Event "ch-RUS Blitz 2017"]
[Site "Sochi RUS"]
[Date "2017.10.02"]
[Round "14.20"]
[White "Derjabin, Ilja"]
[Black "Hasangatin, Ramil"]
[Result "0-1"]
[WhiteTitle "IM"]
[BlackTitle "GM"]
[WhiteElo "2360"]
[BlackElo "2496"]
[WhiteFideId "14104768"]
[BlackFideId "4122160"]
[EventDate "2017.10.02"]
[EventType "blitz"]

1. d4 d6 2. c4 e5 3. d5 Be7 4. Nc3 a5 5. e4 Na6 6. Nge2 Nc5 7. Ng3 Bg5 8. Be2
Bxc1 9. Rxc1 Bd7 10. O-O Qg5 11. Nb5 Bxb5 12. cxb5 Nf6 13. f3 O-O 14. Rc3 h5 15.
Qc1 Qf4 16. Nf5 Nxd5 17. exd5 Qxf5 18. f4 Rae8 19. fxe5 Qxe5 20. Bf3 Qd4+ 21.
Kh1 g6 22. Qg5 Qe5 23. Qh4 Qg7 24. h3 Re5 25. a3 a4 26. Rc4 Rfe8 27. Rc3 Qh6 28.
g4 Qg5 29. Qxg5 Rxg5 30. gxh5 gxh5 31. Rg1 Rxg1+ 32. Kxg1 Re5 33. Rc4 Kg7 34.
Rd4 Kh6 35. Kf2 Kg5 36. h4+ Kg6 37. Rd1 Kh6 38. Kg2 Rf5 39. Kg3 Re5 40. Kg2 Re3
41. Rd4 Rb3 42. Rf4 Rxb2+ 43. Kg3 Kg6 44. Bd1 Ra2 45. Rf3 f5 46. Re3 Ne4+ 47.
Kf4 Rf2+ 48. Bf3 Kf6 49. Rd3 Nd2 50. Ke3 Rxf3+ 51. Kxd2 Rxd3+ 52. Kxd3 Ke5 53.
Ke3 f4+ 0-1

[Event "ch-RUS Blitz 2017"]
[Site "Sochi RUS"]
[Date "2017.10.02"]
[Round "14.21"]
[White "Yuffa, Daniil"]
[Black "Tsoi, Dmitry"]
[Result "1-0"]
[WhiteTitle "GM"]
[BlackTitle "FM"]
[WhiteElo "2527"]
[BlackElo "2361"]
[WhiteFideId "24131423"]
[BlackFideId "24194697"]
[EventDate "2017.10.02"]
[EventType "blitz"]

1. d4 Nf6 2. c4 e6 3. g3 Bb4+ 4. Bd2 Qe7 5. Bg2 Nc6 6. e3 Bxd2+ 7. Qxd2 d6 8.
Nc3 e5 9. Nge2 O-O 10. O-O Bf5 11. Nd5 Nxd5 12. cxd5 Nb8 13. Rac1 e4 14. h3 Bg6
15. Nf4 f5 16. Qb4 b6 17. Ne6 Rc8 18. Qb3 Bf7 19. f3 exf3 20. Bxf3 c5 21. e4
fxe4 22. Bxe4 Nd7 23. Bxh7+ Kh8 24. Bf5 Nf6 25. Rce1 Qb7 26. Nf4 Re8 27. Be6
Bxe6 28. dxe6 d5 29. Qd3 Ne4 30. Qf3 Nf6 31. Nh5 Ne4 32. Qg4 Re7 33. Nf4 Kg8 34.
Ng6 Ree8 35. Qh5 1-0

[Event "ch-RUS Blitz 2017"]
[Site "Sochi RUS"]
[Date "2017.10.02"]
[Round "14.22"]
[White "Kryakvin, Dmitry"]
[Black "Nechaev, Oleg"]
[Result "0-1"]
[WhiteTitle "GM"]
[BlackTitle "FM"]
[WhiteElo "2583"]
[BlackElo "2410"]
[WhiteFideId "4153278"]
[BlackFideId "24113409"]
[EventDate "2017.10.02"]
[EventType "blitz"]

1. Nf3 c5 2. c4 g6 3. e3 Bg7 4. Nc3 Nf6 5. Be2 O-O 6. O-O Nc6 7. d4 cxd4 8. Nxd4
d6 9. b3 Bd7 10. Bb2 Qa5 11. Rc1 Rfc8 12. Qd2 Rab8 13. Rfd1 a6 14. Bf3 b5 15.
Bxc6 Bxc6 16. cxb5 axb5 17. h3 b4 18. Nxc6 Rxc6 19. Na4 Ne4 20. Qe2 Nc3 21. Bxc3
bxc3 22. Rc2 Rbc8 23. Rdc1 Qb4 24. Qd3 e6 25. g3 d5 26. h4 h5 27. Kg2 Kh7 28.
Kh2 Bf6 29. Kg2 Kg7 30. Kh2 d4 31. exd4 Bxd4 32. Kg2 e5 33. Qe4 Qd6 34. Rd1 f5
35. Qf3 Qc7 36. Qd5 Qb7 37. Rxc3 Bxc3 38. Nxc3 Qe7 39. Nb5 Rc5 40. Qd7 Qxd7 41.
Rxd7+ Kf6 42. a4 Rc2 43. Rd6+ Kg7 44. Rd7+ Kh6 45. Nd6 R8c7 46. Nf7+ Kg7 47.
Nxe5+ Rxd7 48. Nxd7 Rc3 49. b4 Rc4 50. b5 Rxa4 51. b6 Rb4 52. Kf3 Kf7 53. Ne5+
Kf6 54. Nd7+ Ke7 55. Ne5 Rxb6 56. Kf4 Re6 57. f3 Kf6 58. Nd7+ Kg7 59. Ne5 Ra6
60. g4 Ra4+ 61. Kg5 hxg4 62. fxg4 fxg4 63. Nxg4 Ra5+ 64. Kf4 Kf7 65. Ne5+ Kf6
66. Ng4+ Ke6 67. Nf2 Ra4+ 68. Kg5 Kf7 69. Nd3 Ra5+ 70. Kg4 Kf6 71. Ne1 Ra4+ 72.
Kg3 Kf5 73. Nf3 Ra3 74. Kg2 Kf4 75. Nh2 Ra2+ 76. Kh3 Ra3+ 77. Kg2 Rg3+ 78. Kf2
Rh3 0-1